| 000 | 00498nam a2200133Ia 4500 | ||
|---|---|---|---|
| 008 | 220216s9999 xx 000 0 und d | ||
| 100 | _aChantuma A | ||
| 245 | 0 | _aCarbon sequestration: Direct rubber biomass measurement and visual wood weight | |
| 260 |
_bIn: IRRDB Conference: NR Industry: Responding to Globalization 7-8 September 2004, Kunming International Convention & Exhibition Center, China _c2004 |
||
| 700 | _aChantuma P | ||
| 700 | _aKesawapitak P | ||
| 700 | _aKonksilp J | ||
| 942 | _cBO | ||
| 999 |
_c48233 _d48233 |
||